Engineering Mechanics Dynamics vol-2 (Record no. 603116)
[ view plain ]
| 000 -LEADER | |
|---|---|
| fixed length control field | 00291nam a22001217a 4500 |
| 082 ## - DEWEY DECIMAL CLASSIFICATION NUMBER | |
| Classification number | 620.104 |
| Author Mark | MAR |
| 100 ## - MAIN ENTRY--PERSONAL NAME | |
| Personal name | Mariam, J.L |
| 245 ## - TITLE STATEMENT | |
| Title | Engineering Mechanics Dynamics vol-2 |
| 260 ## - PUBLICATION, DISTRIBUTION, ETC. | |
| Name of publisher, distributor, etc. | Wiley |
| Date of publication, distribution, etc. | 2004 |
| 300 ## - PHYSICAL DESCRIPTION | |
| Extent | 710 |
| Dimensions | 25 cm |
| 700 ## - ADDED ENTRY--PERSONAL NAME | |
| Personal name | J.L Meriam |
| 942 ## - ADDED ENTRY ELEMENTS (KOHA) | |
| Source of classification or shelving scheme | |
| Koha item type | Book |
| 700 ## - ADDED ENTRY--PERSONAL NAME | |
| -- | 13429 |
| Withdrawn status | Lost status | Source of classification or shelving scheme | Damaged status | Not for loan | Permanent Location | Current Location | Date acquired | Total Checkouts | Total Renewals | Full call number | Barcode | Checked out | Date last seen | Date last checked out | Price effective from | Koha item type |
|---|---|---|---|---|---|---|---|---|---|---|---|---|---|---|---|---|
| School of Civil and Environmental Engineering (SCEE) | School of Civil and Environmental Engineering (SCEE) | 09/20/2023 | 1 | 3 | 620.104 MAR | NIT-4852 | 02/26/2025 | 09/20/2023 | 09/20/2023 | 09/20/2023 | Book |
